000 00283nam a22001337a 4500
008 170413b xxu||||| |||| 00| 0 eng d
020 _a41048
041 _aeng
080 _26TH
_a612.39
100 _a10
101 _aSHM
245 _aANIMAL NUTRITION
_cMAYNARD
942 _2udc
_cBK
999 _c10695
_d10695